Paroles Kyo - Dernière Danse - Statistiques

Statistiques générales
  • Ce quiz a été pris 272 fois
    224 depuis la dernière actualisation
  • Le résultat moyen est 210 sur 251
Statistiques - réponses
Réponse % Correct
d'
99%
l'
99%
dans
98%
de
98%
dernière
98%
un
98%
une
98%
juste
97%
a
96%
danse
96%
je
96%
le
96%
et
95%
veux
95%
indifférence
94%
par
92%
son
92%
la
91%
ombre
91%
corps
90%
j'ai
90%
se
90%
silence
90%
avant
88%
en
88%
long
88%
parcouru
88%
puis
88%
visage
88%
que
87%
ses
87%
les
86%
ma
86%
cent
85%
elle
85%
fois
85%
longtemps
85%
moi
85%
or
85%
fait
84%
on
84%
coeur
83%
larmes
83%
Effleuré
82%
effleuré
82%
même
82%
partie
82%
vertige
82%
ai
81%
encore
81%
essuyant
81%
trouvé
81%
quelques
80%
étoiles
78%
trop
78%
c'est
77%
dessine
77%
formes
77%
appris
76%
pas
76%
pureté
76%
parfois
75%
peau
75%
pour
75%
faute
74%
qui
74%
au
73%
il
73%
bien
72%
mais
72%
mal
72%
plus
72%
prépare
70%
qu'elle
70%
traversé
70%
voyage
70%
flèche
69%
tôt
69%
douleur
68%
regard
68%
seul
68%
est
67%
homme
66%
vie
66%
merci
65%
tard
65%
avoir
64%
peut
64%
connue
63%
garde
63%
déjà
62%
mon
62%
rien
62%
apercevoir
61%
enchanté
60%
sans
60%
ça
59%
connais
58%
dire
58%
histoire
58%
âme
55%
mains
55%
ne
55%
respire
55%
seulement
54%
fallait
53%
partir
53%
vu
53%
l'ai
52%
bonheur
49%
change
49%
ancré
48%
demain
45%
peux
44%
mourir
43%
reçu
27%
Aucun quiz correspondant
Distribution des résultats
% des personnes avec chaque résultat
Percentile par nombre de réponses
Votre historique - résultats
Vous n’avez pas pris ce quiz depuis la dernière actualisation